000
00289nam a2200121Ia 4500
008
191014s9999 xx 000 0 und d
082
_a
531
_b
GOL
100
_a
Herbert Goldstein
_9
20350
245
0
_a
Classical Mechanics 3rd Edition
260
_c
2000
300
_a
Xi,638
942
_c
BK
999
_c
531206
_d
531206